| 000 | 00729nab a2200217 4500 | ||
|---|---|---|---|
| 003 | BR-BrBNA | ||
| 005 | 20241008223031.0 | ||
| 008 | 241008b bl.||||| |||| 00| 0 por d | ||
| 040 |
_aBR-BrBNA _bpor |
||
| 072 |
_aF01B ; E71 ; E72 _b0940 |
||
| 100 | _aBarros, Mateus Holtz C. | ||
| 245 | _aUva sem semente ganha mercado | ||
| 500 | _a1 illus.; 1 table; 1 graph | ||
| 650 | _aUVA | ||
| 650 | _aPRODUÇÃO | ||
| 650 | _aMERCADO MUNDIAL | ||
| 650 | _aMERCADO INTERNO | ||
| 773 | 0 |
_04115 _9344954 _dPiracicaba-SP Centro de Estudos Avançados em Economia Aplicada-CEPEA/USP/ESALQ 2002 _o2024-5342 _tHortifruti Brasil (Brazil) _x1981-1837 _gv. 1(1) p. 15; (May 2002) _wBR2024002816 |
|
| 942 | _cANA | ||
| 999 |
_c328003 _d328003 |
||